MSK - Joint Anatomy - Statistics

General Stats
  • This quiz has been taken 12 times
  • The average score is 17 of 59
Answer Stats
Joint Answer % Correct
Shoulder Humerus
80%
Elbow Humerus
80%
Shoulder Scapula
70%
Elbow Ulna
70%
Shoulder Acromion
60%
Shoulder Deltoid
60%
Ankle Deltoid ligament
60%
Knee Femur
60%
Knee Fibula
60%
Ankle Fibula
60%
Elbow Radius
60%
Knee Tibia
60%
Ankle Tibia
60%
Shoulder Clavicle
50%
Knee Patella
50%
Elbow Radial nerve
50%
Knee Anterior cruciate ligament
40%
Ankle Calcaneus
40%
Shoulder Supraspinatus
40%
Shoulder Brachial artery
30%
Shoulder Infraspinatus
30%
Knee Lateral collateral ligament
30%
Knee Medial collateral ligament
30%
Elbow Median nerve
30%
Knee Posterior cruciate ligament
30%
Shoulder Subscapularis
30%
Shoulder Teres minor
30%
Elbow Ulnar nerve
30%
Ankle Anterior talofibular ligament
20%
Shoulder Biceps brachii
20%
Elbow Biceps brachii
20%
Shoulder Coracoid process
20%
Knee Lateral meniscus
20%
Knee Medial meniscus
20%
Knee Patellar ligament
20%
Knee Popliteal artery
20%
Ankle Posterior talofibular ligament
20%
Shoulder Triceps brachii
20%
Elbow Triceps brachii
20%
Shoulder Axillary nerve
10%
Ankle Calcaneal (achilles) tendon
10%
Ankle Calcaneofibular ligament
10%
Ankle Lateral malleolus
10%
Ankle Medial malleolus
10%
Elbow Olecranon
10%
Shoulder Acromioclavicular joint
0%
Elbow Annular ligament
0%
Ankle Anterior inferior tibiofibular ligament
0%
Elbow Biceps tendon
0%
Shoulder Capsular ligament
0%
Elbow Common extensor tendon
0%
Elbow Extensor muscles
0%
Elbow Lateral epicondyle
0%
Elbow Medial epicondyle
0%
Ankle Posterior inferior tibiofibular ligament
0%
Knee Quadriceps tendon
0%
Elbow Radial collateral ligament
0%
Shoulder Sternoclavicular joint
0%
Elbow Ulnar collateral ligament
0%
No matching quizzes found
Score Distribution
Percent of People with Each Score
Percentile by Number Answered
Your Score History
You have not taken this quiz